Problems and needs of widows: a study in Kerala (Record no. 18474)

MARC details
000 -LEADER
fixed length control field 00621nam a2200181Ia 4500
082 ## - DEWEY DECIMAL CLASSIFICATION NUMBER
Classification number RN 0100
100 ## - MAIN ENTRY--AUTHOR NAME
Personal name Nayar, P. K. B.
245 #0 - TITLE STATEMENT
Title Problems and needs of widows: a study in Kerala
Sub Title :
260 ## - PUBLICATION, DISTRIBUTION, ETC. (IMPRINT)
Year of publication 2004
Name of publisher Indian Council of Social Science Research, New Delhi
300 ## - PHYSICAL DESCRIPTION
Number of Pages 130
504 ## - BIBLIOGRAPHY, ETC. NOTE
Bibliography, etc includes bibliography
650 ## - SUBJECT ADDED ENTRY--TOPICAL TERM
Topical Term Widows
Geographic subdivision India
-- Kerala
650 ## - SUBJECT ADDED ENTRY--TOPICAL TERM
Topical Term Widows
Form subdivision Economic conditions
Geographic subdivision India
-- Kerala
650 ## - SUBJECT ADDED ENTRY--TOPICAL TERM
Topical Term Widows
Form subdivision Social conditions
Geographic subdivision India
-- Kerala
650 ## - SUBJECT ADDED ENTRY--TOPICAL TERM
Topical Term Widows
Form subdivision Legal status, laws etc
Geographic subdivision India
-- Kerala
710 ## - ADDED ENTRY--CORPORATE NAME
Corporate name or jurisdiction name as entry element Centre for gerontological studies , Thiruvantthapuram
942 ## - ADDED ENTRY ELEMENTS (KOHA)
Koha item type Research Reports
Source of classification or shelving scheme Dewey Decimal Classification
Holdings
Withdrawn status Lost status Damaged status Not for loan Collection code Home library Current library Date acquired Source of acquisition Bill Date Full call number Accession Number Price effective from Koha item type
      Not For Loan ICSSR Research Project Reports NASSDOC Library NASSDOC Library 10/07/2012 Gifted by : RP Division, ICSSR 2012-06-28 RN 0100 47756 18/04/2019 Research Reports